| 000 | 00592nam a22002177a 4500 | ||
|---|---|---|---|
| 003 | OSt | ||
| 005 | 20160622190957.0 | ||
| 008 | 160622b xxu||||| |||| 00| 0 eng d | ||
| 020 | _a0323025803 | ||
| 040 | _cDNLM | ||
| 082 | _aWY128 N31s 2004 | ||
| 100 |
_aSorrentina, Sheila A. _99558 |
||
| 245 | _aMosby's Textbook for Nursing Assistants | ||
| 250 | _a6th ed. | ||
| 260 | _aMissouri, Mosby, 2004 | ||
| 300 | _axxvii,898p; col.ill: 28cm | ||
| 504 | _aAppendice, glossary, & index included | ||
| 650 |
_aNursing proceedures _97359 |
||
| 650 |
_aNursing Aid _99559 |
||
| 942 |
_2z _cO_SHELF |
||
| 999 |
_c4452 _d4452 |
||